000 00641nam a2200229Ia 4500
003 OSt
005 20220928131024.0
006 a|||||r|||| 00| 0
007 ta
008 220927b |||||||| |||| 00| 0 eng d
024 _a36630
037 _cReference Collections
040 _aSDCL
_cSDCL
_beng
041 _2eng
_aeng
082 _aX:5385k1, N91, N9 RR
245 0 _aEUROPEAN UNION encyclopedia and directory 1999.
250 _a3
260 _aLondon
_bEuropa Publications
_c1999
300 _axxiii,520p
_ccm.
942 _hX:5385k1, N91, N9 RR
_cREF
_2CC
999 _c789275
_d789275